000 00655nam a22002057a 4500
005 20250707123158.0
010 _aENG-145712
020 _a9789361593413
_c550.00
035 _aEN-129244
037 _bDBAD
082 _a000
_22
100 _aSaumitra Mohan
_982667
245 _aInternational Relations/
_cSaumitra Mohan [and] Chandan Jha
250 _a2
260 _aNoida
_bPearson India Education
_c2025
270 _a15th Floor, Towe-B, World Trade Tower, Plot No.1, Block-C, Sector-16
_bNoida
_e201301
300 _avpp.
_c25cm(pbk)
500 _aFor UPSC and State Civil Services Examinations
942 _2ddc
_cEN
_h000
_mSAU
999 _c212142
_d212142